Curso elemental de topografía / (Record no. 68808)

MARC details
000 -LEADER
campo de control de longitud fija 00695nam a22002055i 4500
001 - NÚMERO DE CONTROL
campo de control 68808
003 - IDENTIFICADOR DE NÚMERO DE CONTROL
campo de control ES-MaACL
005 - FECHA Y HORA DE LA ÚLTIMA TRANSACCIÓN
campo de control 20250930063059.0
007 - CAMPO FIJO DE DESCRIPCIÓN FÍSICA--INFORMACIÓN GENERAL
campo de control de longitud fija t|
008 - DATOS DE LONGITUD FIJA--INFORMACIÓN GENERAL
campo de control de longitud fija 960829s1900 sp ||||1| spa d
040 ## - FUENTE DE CATALOGACIÓN
Centro catalogador/agencia de origen CAM
Lengua de catalogación spa
Centro/agencia transcriptor CAM
100 1# - ENTRADA PRINCIPAL--NOMBRE DE PERSONA
Nombre de persona Giol y Soldevilla, Isidro,
Fechas asociadas al nombre 1823-1877
9 (RLIN) 57156
245 10 - MENCIÓN DEL TÍTULO
Título Curso elemental de topografía /
Mención de responsabilidad, etc. por Isidro Giol y Soldevilla y José Goyanes y Soldevilla.
250 ## - MENCION DE EDICION
Mención de edición 8ª ed. corr. y notablemente aum.
260 ## - PUBLICACIÓN, DISTRIBUCIÓN, ETC.
Lugar de publicación, distribución, etc. Madrid :
Nombre del editor, distribuidor, etc. Librería de Hernando y compañía,
Fecha de publicación, distribución, etc. 1900.
300 ## - DESCRIPCIÓN FÍSICA
Extensión XV, [1], 339, [17] h. pleg. ;
Dimensiones 22 cm.
700 1# - ENTRADA AGREGADA--NOMBRE PERSONAL
Nombre de persona Goyanes y Soldevilla, José.
9 (RLIN) 59404
852 ## - LOCALIZACIÓN
Ubicación ES-MaACL
Número de control de estantería G-5368
Holdings
Estatus retirado Estado de pérdida Estado de daño No para préstamo Colección Biblioteca de origen Biblioteca actual Ubicación en estantería Fecha de adquisición Fuente de adquisición Total de préstamos Signatura topográfica completa Código de barras Visto por última vez Precio de reemplazo Tipo de ítem Koha
        Libros del s. XIX Biblioteca del Ateneo de Madrid Biblioteca del Ateneo de Madrid Depósito 2 17/01/2008     G-5368 1072044 23/02/2023 23/02/2023 Libro impreso antiguo